000 00496nam a2200181Ia 4500
008 240925s9999 xx 000 0 und d
020 _a9789353160487
082 _a621.38173 SAL
100 _aSalivahanan , S
245 0 _aLinear integrated circuits
250 _a3rd
260 _aNew Delhi:
_bMcGraw Hill Education (India) Private Limited
_c,2019.
300 _a356p.
_b0
_fOriginal
500 _aIncludes Index
600 _aElectronic Engineering
650 _aTechnology
942 _cBK
999 _c17648
_d17648